000
00319nam a22001337a 4500
008
170718b xxu||||| |||| 00| 0 eng d
020
_a
0691028508
041
_a
eng
080
_a
2
100
_a
24
101
_a
TEO
245
_a
RELIGIOUS ORTHODOXY & POPULAR FAITH IN EUROPEAN SOCIETY
_c
BADONE, E
942
_2
udc
_c
BK
999
_c
21486
_d
21486